Thunder on the plains : (Record no. 3354)

MARC details
000 -LEADER
fixed length control field 00882cam a22002654a 4500
005 - DATE AND TIME OF LATEST TRANSACTION
control field 20250530141122.0
020 ## - INTERNATIONAL STANDARD BOOK NUMBER
International Standard Book Number 9780545477550
040 ## - CATALOGING SOURCE
Original cataloging agency DLC
Transcribing agency DLC
Modifying agency DLC
Language of cataloging eng
050 00 - LIBRARY OF CONGRESS CALL NUMBER
Classification number QL737.U53
Item number 2001
082 00 - DEWEY DECIMAL CLASSIFICATION NUMBER
Classification number 599.64
100 1# - MAIN ENTRY--PERSONAL NAME
Personal name Robbins, Ken
245 10 - TITLE STATEMENT
Title Thunder on the plains :
Remainder of title the story of the American buffalo /
Statement of responsibility, etc. Ken Robbins
260 ## - PUBLICATION, DISTRIBUTION, ETC.
Place of publication, distribution, etc. New York :
Name of publisher, distributor, etc. Scholastic ,
Date of publication, distribution, etc. 2001
300 ## - PHYSICAL DESCRIPTION
Extent 32 pages :
Other physical details color illustrations ;
Dimensions 22 cm .
505 ## - FORMATTED CONTENTS NOTE
Formatted contents note Z <br/>
520 ## - SUMMARY, ETC.
Summary, etc. A brief introduction to the history of the American buffalo and how it was almost hunted into extinction.
521 ## - TARGET AUDIENCE NOTE
Target audience note 1000 <br/>
Source Lexile <br/>
521 ## - TARGET AUDIENCE NOTE
Target audience note Z <br/>
Source Raz-Plus <br/>
650 #0 - SUBJECT ADDED ENTRY--TOPICAL TERM
Topical term or geographic name entry element American bison
General subdivision History
Form subdivision Juvenile literature
650 #1 - SUBJECT ADDED ENTRY--TOPICAL TERM
Topical term or geographic name entry element Bison
650 #1 - SUBJECT ADDED ENTRY--TOPICAL TERM
Topical term or geographic name entry element Endangered species
Form subdivision Juvenile literature
906 ## - LOCAL DATA ELEMENT F, LDF (RLIN)
a 7
b cbc
c orignew
d 1
e ocip
f 20
g y-gencatlg
942 ## - ADDED ENTRY ELEMENTS (KOHA)
Source of classification or shelving scheme Dewey Decimal Classification
Koha item type Books
Suppress in OPAC No
999 ## -
-- 3354
-- 3354
Holdings
Withdrawn status Lost status Source of classification or shelving scheme Damaged status Not for loan Collection Home library Current library Shelving location Date acquired Total Checkouts Full call number Barcode Date last seen Copy number Price effective from Koha item type
    Dewey Decimal Classification     Non-Fiction Footprints International School Library Network Toul Kork Campus Footprints International School Library Network Toul Kork Campus A TK Campus, 4th Floor, Room B401, Non-Fiction Bookcases(7-8) 05/30/2025   ROB 599.64 QL737.U53 FISTK04777 05/30/2025 3 05/30/2025 Books
    Dewey Decimal Classification     Non-Fiction Footprints International School Library Network Toul Tom Poung Campus Footprints International School Library Network Toul Tom Poung Campus TTP Secondary Non-Fiction Bookshelves 02/29/2024   ROB 599.64 QL737.U53 FISTK05621 02/29/2024 1 02/29/2024 Books
    Dewey Decimal Classification     Non-Fiction Footprints International School Library Network Toul Tom Poung Campus Footprints International School Library Network Toul Tom Poung Campus TTP Secondary Non-Fiction Bookshelves 02/29/2024   ROB 599.64 QL737.U53 FISSE01280 12/16/2024 2 02/29/2024 Books